000 00582nam a22001817a 4500
005 20160722110047.0
010 _aENG-115493
020 _a9789385493003
_c550.00
035 _aEN-99025
037 _bDBAD/PUB
082 _a000
245 _aRathore a complete guide for central police forces (CPF) BSF/CRPF/ITBP/SSB/CISF /
_cedited by Kunwar Ishwar Singh Rathore
250 _aed. 2016
260 _aNew Delhi
_bRathore Publishers & Distributors
_c2015
300 _a392p.
_c24cm(pbk)
700 _dKunwar Ishwar Singh Rathore
942 _2ddc
_cEN
_h000
_mRAT
999 _c101359
_d101359